Guess the Bible Verse - Statistics

General Stats
  • This quiz has been taken 294 times
    284 since last reset
  • The average score is 5 of 14
Answer Stats
Hint Answer % Correct
For God so loved the world that he gave his one and only son that whoever believes in him shall not perish but have eternal life. John 3:16
96%
In the beginning God created the heavens and the earth. Genesis 1:1
74%
The Lord is my shepherd, I lack nothing. Psalm 23:1
59%
I can do all things through Christ who strengthens me. Philippians 4:13
58%
For I know the plans I have for you" declares the Lord " plans to prosper you and not to harm you, plans to give you hope and a future. Jeremiah 29:11
52%
The shortest verse in the bible. John 11:35/Jesus Wept
47%
Love is patient, love is kind. It does not envy, it does not boast, it is not proud. 1 Corinthians 13:4
33%
And we know that in all things, God works for the good of those who love him, who have been called according to his purpose. Romans 8:28
32%
"...for the Lord your God will be with you wherever you go." Joshua 1:9
18%
Do not fear, for I am with you; ... Isaiah 41:10
16%
Those who hope in the Lord will renew their strength. They will soar on wings like eagles; they will run and not grow weary, they will walk and not be faint. Isaiah 40:31
15%
For God has not given us a spirit of fear, but of power, love and self control. 2 Timothy 1:7
14%
The Lord is my light and my salvation; whom shall I fear? Psalm 27:1
14%
The earth is the Lord's, and everything in it, the world, and all who live in it. Psalm 24:1
7%
No matching quizzes found
Score Distribution
Percent of People with Each Score
Percentile by Number Answered
Your Score History
You have not taken this quiz since the last reset